000 00626cab a2200229 4500
001 WB3130-22
008 090401t1995 xxu||||| |||| 00| 0 eng d
035 _a(Sirsi) u45945
041 _aeng
245 _aAction on empty government homes
260 _c1995
350 _a0
490 _aDoE News Release
_v(384) 27 July 1995 (2)
520 _aAlmost 4000 empty Government homes were brought back into use or disposed of during 1994/95.
650 _aEMPTY HOMES
650 _aGOVERNMENT HOUSES
650 _aOUR FUTURE HOMES
650 _aSTATISTICS
690 _aHOUSING
942 _n0
948 _c04/03/1997
999 _c29068
_d29068